000
00290nam a2200133Ia 4500
100
_a
Daniels/Harold R
942
_c
BK
654
_a
Press Handbook
245
_a
Mechanical Press Handbook
260
_b
Cahners Book
_a
Boston
_c
1972
082
_a
621.9
300
_a
308
546
_a
ENGLISH
999
_c
32193
_d
32193